LEADER 01111nam a2200265 4500 001 000000354676 003 CaOOAMICUS 005 20230720120504.0 008 230720s2011 xxu 000 u eng r 020 $a978-0-8091-4685-7 040 $aSeMil$bita 245 00$aVirtue /$cedited by Charles E. Curran and Lisa A. Fullam. 264 1$aNew York ; Mahwah :$bPaulist Press,$c2011. 300 $aXVII, 275 p. ;$c21 cm 490 1 $aReadings in moral theology ;$v16 650 4$aVirtù - Teologia cristiana.$0(OLS)http://semarc/subject/1809 700 1 $aCurran, Charles E.,$d<1934- >.$0(OLS)http://semarc/name/3801 700 1 $aFullam, Lisa A.$0(OLS)http://semarc/name/117899 830 0$aReadings in moral theology ;$v16.$0(OLS)http://semarc/title/9802 850 $aSeMil 852 $aSeMil$W1$xVenegono$y1$m2MA N 16$j242322$B245967$CSeMilBibl$Z2$F245967 $81 996 $6020$a978-0-8091-4685-7$9(OLS)http://semarc/number/298515 996 $6245$aVirtue$9(OLS)http://semarc/title/444816 996 $6264$aNew York ; Mahwah :$bPaulist Press$9(OLS)http://semarc/publisher/32439 LEADER 01234nam a2200301 i 4500 001 000000177048 003 CaOOAMICUS 005 20191029125638.0 008 090113s1998 it u000 u ita u 013 $a154551 020 $a88-10-20595-2 040 $aSeMil$bita 100 1 $aLifschitz, Daniel <1937->.$0(OLS)http://semarc/name/3929 245 10$aSalmi 1-50 /$cDaniel Lifschitz ; prefazione di Divo Barsotti. 260 $aBologna :$bEDB,$c1998. 300 $aLXV, 185 p. ;$c21 cm. 490 0 $aTesti e commenti ;$v. 500 $aDono di don Romano Martinelli. 700 1 $aBarsotti, Divo,$c.$0(OLS)http://semarc/name/15111 773 0 $aLifschitz, Daniel <1937->$tÈ tempo di cantare.$dBologna : EDB, 1998.$kTesti e commenti $g1$w()20515 830 0$aTesti e commenti .$0(OLS)http://semarc/title/5963 850 $aSeMil 852 $aSeMil$W1$xVenegono$y1$m2XA F 3$j230654$B127862$CSeMilBibl$Z2$F138725 $81 961 $aOmaggio: Martinelli don Romano 996 $6020$a88-10-20595-2$9(OLS)http://semarc/number/165774 996 $6245$aSalmi 1-50$9(OLS)http://semarc/title/251847 996 $6260$aBologna :$bEDB$9(OLS)http://semarc/publisher/29669